LEADER 00969nam0-22003371i-450 001 990001742080403321 005 20200701113829.0 010 $a0-12-587840-0 035 $a000174208 035 $aFED01000174208 035 $a(Aleph)000174208FED01 035 $a000174208 100 $a20030910d1986----km-y0itay50------ba 101 0 $aeng 102 $aUS 105 $aa 001yy 200 1 $aAllozyme electrophoresis$ea handbook for animal systematics and population studies$fBarry John Richardson 210 $aSan Diego$cAcademic Press$d1986 215 $aXII, 410 p.$cill.$d23 cm 610 0 $aFisiologia animale 610 0 $aEnzimi 676 $a591.19 676 $a541.372$v23$zita 700 1$aRichardson,$bBarry John$075506 801 0$aIT$bUNINA$gRICA$2UNIMARC 901 $aBK 912 $a990001742080403321 952 $a60 541.372 RICB 1986$b2432$fFAGBC 959 $aFAGBC 996 $aAllozyme electrophoresis$9366177 997 $aUNINA LEADER 01011nam a2200229 i 4500 001 991002733579707536 008 150416s2003 it 001 0 ita d 020 $a8860017939 035 $ab14223788-39ule_inst 040 $aBibl. Dip.le Aggr. Scienze Giuridiche - Sez. Studi Giuridici$bita 082 04$a342.481 100 1 $aLugli, Matteo$0474263 245 13$aLa Convenzione europea dei diritti dell'uomo e la giurisprudenza della Corte di Strasburgo sulla libertà religiosa /$cMatteo Lugli, Ingrid Pistolesi 260 $aMilano :$bCUEM,$cv2003 300 $a104 p. ;$c21 cm 650 4$aLibertà religiosa$xDiritto comunitario 700 1 $aPistolesi, Ingrid$eauthor$4http://id.loc.gov/vocabulary/relators/aut$0510556 907 $a.b14223788$b16-04-15$c16-04-15 912 $a991002733579707536 996 $aConvenzione europea dei diritti dell'uomo e la giurisprudenza della Corte di Strasburgo sulla libertà religiosa$91443801 997 $aUNISALENTO 998 $ale027$b16-04-15$cm$da $e-$fita$git $h3$i0 LEADER 00951nam a22002531i 4500 001 991003596359707536 005 20030910100224.0 008 031111s1969 uik|||||||||||||||||eng 020 $a0140029192 035 $ab12448175-39ule_inst 035 $aARCHE-048146$9ExL 040 $aDip.to Lingue$bita$cA.t.i. Arché s.c.r.l. Pandora Sicilia s.r.l. 082 04$a813.01 245 04$aThe Penguin Book of american short stories /$cedited by James Cochrane 260 $aHarmondsworth :$bPenguin Books,$c1969 300 $a422 p. ;$c20 cm 650 4$aNarrativa americana$ySec. 20.$xAntologie 700 1 $aCochrane, James 907 $a.b12448175$b02-04-14$c13-11-03 912 $a991003596359707536 945 $aLE012 813.01 COC$g1$i2012000119307$lle012$o-$pE0.00$q-$rl$s- $t0$u0$v0$w0$x0$y.i12875168$z13-11-03 996 $aPenguin Book of american short stories$9180122 997 $aUNISALENTO 998 $ale012$b13-11-03$cm$da $e-$feng$guik$h4$i1